000 00739cam a22002537a 4500
001 17348664
005 20250616103346.0
008 120615s2012 gw a 000 0 eng d
020 _a9783132422049
040 _cPK-LaUMT
082 0 4 _a616.07543
_222
_bBLO-C
100 1 _aBlock, Berthold
_96300
245 1 0 _aColor atlas of ultrasound anatomy /
_cby Berthold Block
250 _a3rd ed.
260 _aNew York :
_bThieme,
_c2022
300 _a345 p. :
_bill. ;
_c19 cm.
650 0 _aAbdomen
_xUltrasonic imaging
_96301
650 0 _aAbdomen
_xUltrasonic imaging
_96301
650 0 _aUltrasonic imaging
_96302
650 0 _aUltrasonic imaging
_96302
650 0 _aHuman anatomy
_9329
650 0 _aHuman anatomy
_9329
942 _cBK
999 _c137764
_d137764